000
00349 a2200169 4500
001
163968
020
_a
85-322-0535-6
040
_c
Magnum
100
_a
Versiani, Ivana
240
1
0
_a
Araponga meu amor
_l
por
245
1
0
_a
Araponga meu amor
300
_a
123
362
0
_a
1992
440
1
_a
FTD
697
_a
LITERATURA JUVENIL
942
_c
BK
999
_c
163968
_d
163968